[Event "50th World Juniors"]
[Site "Chennai IND"]
[Date "2011.08.07"]
[Round "6"]
[White "Sidhant, Mohapatra"]
[Black "Kulkarni, Rakesh"]
[Result "1/2-1/2"]
[WhiteElo "2155"]
[BlackElo "2231"]
[WhiteFideId "5028698"]
[BlackFideId "5037077"]
[EventDate "2011.08.02"]

1. e4 c5 2. Nf3 e6 3. d4 cxd4 4. Nxd4 a6 5. Bd3 Nc6 6. Nxc6 dxc6 7. Be3 Nf6 8.
c4 Ng4 9. Qxg4 Qxd3 10. Nd2 g6 11. Qe2 Qxe2+ 12. Kxe2 Bg7 13. Rab1 e5 14. c5 Be6
15. b3 O-O-O 16. Nc4 Kc7 17. f3 f5 18. h3 fxe4 19. fxe4 g5 20. Rbd1 Rxd1 21.
Rxd1 g4 22. h4 h5 23. g3 Rf8 24. Rf1 Rxf1 25. Kxf1 Bxc4+ 26. bxc4 Bf6 27. Ke2
Kd7 28. a4 Bd8 29. Kd3 Kc8 30. Bd2 Be7 31. Be3 Bd8 32. Bd2 a5 33. Bc3 Bc7 34.
Kc2 Kd7 35. Kd3 Ke6 36. Bd2 b6 37. Be3 bxc5 38. Bg5 Bb6 39. Ke2 Kd7 40. Kd3 Bd8
41. Bxd8 Kxd8 42. Ke2 1/2-1/2

[Event "50th World Juniors"]
[Site "Chennai IND"]
[Date "2011.08.07"]
[Round "6"]
[White "Zulfic, Fedja"]
[Black "Aravindh, Chithambaram VR."]
[Result "0-1"]
[WhiteElo "2098"]
[BlackElo "2212"]
[WhiteFideId "3208427"]
[BlackFideId "5072786"]
[EventDate "2011.08.02"]

1. d4 Nf6 2. c4 e6 3. Nc3 Bb4 4. a3 Bxc3+ 5. bxc3 Ne4 6. e3 b6 7. Qg4 Bb7 8. Bd3
Nf6 9. Qh3 d5 10. Nf3 Nbd7 11. O-O Ne4 12. Bxe4 dxe4 13. Nd2 O-O 14. f3 exf3 15.
e4 fxg2 16. Rf4 f5 17. Rh4 h6 18. Nf3 fxe4 19. Ng5 Qf6 20. Rf4 Qg6 21. Nxe6 Rxf4
22. Nxf4 Qf7 23. Be3 Nf6 24. Ra2 Bc8 25. Qh4 Ng4 26. Bc1 g5 27. Qg3 gxf4 28.
Bxf4 Kh7 29. Rxg2 Bd7 30. h3 Rf8 31. hxg4 Qxf4 32. Qh4 e3 0-1

[Event "50th World Juniors"]
[Site "Chennai IND"]
[Date "2011.08.07"]
[Round "6"]
[White "Bukhalaf, Khalil"]
[Black "Shreyans, K. Shah"]
[Result "0-1"]
[WhiteElo "2004"]
[BlackElo "2203"]
[WhiteFideId "11200596"]
[BlackFideId "5029074"]
[EventDate "2011.08.02"]

1. c4 f5 2. d4 e6 3. g3 Nf6 4. Bg2 c6 5. Nh3 d6 6. Nc3 Qc7 7. f4 d5 8. Nf2 Be7
9. Nd3 b6 10. Qc2 Ba6 11. cxd5 cxd5 12. Ne5 O-O 13. O-O Rc8 14. Re1 Nc6 15. Nxc6
Qxc6 16. Bd2 Ne4 17. Rac1 Qd7 18. Qd1 Nd6 19. b3 Nb7 20. Nb1 b5 21. Bc3 Rc7 22.
Bb2 Bb4 23. Rxc7 Qxc7 24. Rf1 Rc8 25. Qd3 Qb6 26. Rc1 Rxc1+ 27. Bxc1 Qc6 28. Bd2
Be7 29. Qc3 Qxc3 30. Bxc3 b4 31. Be1 Bxe2 32. Kf2 Bb5 33. Nd2 a5 34. Bf1 Bxf1
35. Kxf1 Nd6 36. Nf3 Bf6 37. Ke2 Ne4 38. Kd3 Kf7 39. Nd2 Nc3 40. Nf3 Ne4 41. Nd2
g5 42. Nb1 Be7 43. fxg5 Bxg5 44. h4 Bh6 45. a3 Bf8 46. axb4 Bxb4 47. Bxb4 axb4
48. Nd2 Nxd2 49. Kxd2 Kf6 50. Ke3 e5 51. Kd3 h5 52. Ke3 Ke6 53. Kd3 exd4 54.
Kxd4 Kd6 55. Ke3 Ke5 56. Kd3 d4 57. Kc4 Ke4 58. Kxb4 d3 59. Kc3 Ke3 0-1

[Event "50th World Juniors"]
[Site "Chennai IND"]
[Date "2011.08.07"]
[Round "6"]
[White "Gahan, M.G."]
[Black "Akash Pc, Iyer"]
[Result "1-0"]
[WhiteElo "2188"]
[BlackElo "2069"]
[WhiteFideId "5027373"]
[BlackFideId "5006775"]
[EventDate "2011.08.02"]

1. e4 e5 2. Nf3 Nc6 3. d4 exd4 4. Nxd4 Bc5 5. Nxc6 Qf6 6. Qd2 Qxc6 7. Nc3 Nf6 8.
Bb5 Qe6 9. Qe2 O-O 10. Bc4 Qe5 11. f4 Qe7 12. e5 Ne8 13. Bd2 c6 14. Ne4 Bb6 15.
Bd3 d5 16. Ng5 f5 17. O-O-O Nc7 18. h3 c5 19. c4 d4 20. g4 Bd7 21. gxf5 Bxf5 22.
Bxf5 Rxf5 23. Qe4 Raf8 24. Qxb7 Qe8 25. b3 Kh8 26. Rdg1 Qd7 27. e6 Qe7 28. Nf7+
R5xf7 29. exf7 Qxf7 30. Rg5 Qf6 31. Re5 Ne6 32. Qe4 Nc7 33. a4 a5 34. Rg1 Rd8
35. Re7 d3 36. Qe5 1-0

[Event "50th World Juniors"]
[Site "Chennai IND"]
[Date "2011.08.07"]
[Round "6"]
[White "Kourkoulos-Arditis, Stamatis"]
[Black "Kozganbayev, Erken"]
[Result "1-0"]
[WhiteElo "2123"]
[BlackElo "2284"]
[WhiteFideId "4221990"]
[BlackFideId "13703773"]
[EventDate "2011.08.02"]

1. e4 c5 2. Nf3 e6 3. d4 cxd4 4. Nxd4 Nc6 5. Nb5 d6 6. c4 Nf6 7. N1c3 a6 8. Nd4
Qc7 9. Be3 Ne5 10. Rc1 Be7 11. Be2 b6 12. f4 Ned7 13. f5 Ne5 14. O-O O-O 15.
fxe6 fxe6 16. h3 Bd7 17. Qb3 Rab8 18. Qa3 Qb7 19. Bg5 Rfe8 20. Kh1 Rbc8 21. Bxf6
Bxf6 22. c5 b5 23. cxd6 Qb6 24. Nf5 b4 25. Qb3 Qa5 26. Nb1 Rxc1 27. Rxc1 Ba4 28.
Ne7+ Kf7 29. Qe3 Bd7 30. Rf1 Rxe7 31. dxe7 Kxe7 32. a3 Nc6 33. Rd1 Bxb2 34. Qd2
Bd4 35. axb4 Qe5 36. Bxa6 Qxe4 37. b5 e5 38. Qg5+ Kd6 39. Nc3 Qc2 40. bxc6 Bxh3 1-0